000 00270nam a2200133 i 4500
001 bg
245 0 _aNaucnye pribory.
250 _aVyp.14.
260 _aMoskva,
_c1977.
040 _cBPK
041 _apol
942 _cKS
008 s pl f |000 0 pol
999 _c18277
_d18277
856 _uhttp://koha.tu.koszalin.pl/cgi-bin/koha/opac-detail.pl?biblionumber=18277
_yKatalog online BPK